The Home and School Institute's Special solutions /

Bibliographic Details
Corporate Author: Home and School Institute
Format: Book
Language:English
Published: Washington, DC : The Institute, [1984]
Subjects:

MARC

Tag First Indicator Second Indicator Subfields
LEADER 00000cam a2200000 a 4500
001 in00000007256
005 20151005060019.0
008 841019s1984 dcua 00000 eng d
020 |a 091480300X 
035 |a (OCoLC)11287232 
035 |9 AAA1739AM 
040 |a COQ  |c COQ  |d TXA  |d UtOrBLW 
049 |a TXAM  |c [A10998309] 
050 4 |a LB1027.25  |b .H65 1984 
245 0 4 |a The Home and School Institute's Special solutions /  |c from the Parent- School partnership project. 
264 1 |a Washington, DC :  |b The Institute,  |c [1984] 
264 4 |c ©1984 
300 |a 176 pages :  |b illustrations ;  |c 22 cm. 
336 |a text  |b txt  |2 rdacontent 
337 |a unmediated  |b n  |2 rdamedia 
338 |a volume  |b nc  |2 rdacarrier 
500 |a "200 LOOK, LISTEN, and DO extra help learning activities for home and classroom". 
650 0 |a Activity programs in education. 
710 2 |a Home and School Institute. 
740 0 |a Special solutions. 
999 |a MARS 
999 f f |s b5baf040-6307-3427-ae70-40ac8cf49713  |i bb5b9595-7873-3da8-abc9-b39fc142e29d  |t 0 
952 f f |p normal  |a Texas A&M University  |b College Station  |c Sterling C. Evans Library  |d Evans: Library Stacks  |t 0  |e LB1027.25 .H65 1984  |h Library of Congress classification  |i unmediated -- volume  |m A14810998309 
998 f f |a LB1027.25 .H65 1984  |t 0  |l Evans: Library Stacks